01075nam a2200217 a 450000100100000000500170001000800410002704000250006808200150009311000680010824500990017626000360027530000350031159000270034670000480037371000680042195201190048995201130060895201190072199900170084000004709820250403120424.0180416s2017 dr ac 000 0 spa d aDO-SdBNPbspacBNPHU axxxbR426p1 aRepública Dominicana.bDirección General de Aduanas.94310210aPlan estratégico institucional 2017-2021. /cdirector general Enrique A. Ramírez Paniagua. aSanto Domingo, :bDGA,c[2017]. a20 p. :bil., retrs. ;c26 cm. aInventariado, 2018/ YL12aRamírez Paniagua, Enrique A.edir.9727751 aRepública Dominicana.bDirección General de Aduanas.943102 0010718DSaGRbGRcCTd2018-04-16iLF1l0oxxx R426pp47098-30r2020-06-25te. 3w2020-06-25yLFDSZNo se presta 0010718PDaPDbPDcCTd2018-04-16iLF1l0oxxx R426pp47098-10r2020-06-25w2020-06-25yLFPDZNo se presta 0010718PDaPDbPDcCTd2018-04-16iLF1l0oxxx R426pp47098-20r2020-06-25te. 2w2020-06-25yLFPDZNo se presta c46586d46586